Statistics for Taylor Swiftt - coney island Lyrics

Click here to take the quiz!

General Stats

  • This quiz has been taken 58 times
  • The average score is 312 of 392

Answer Stats

Answer% Correct
a
100%
A
100%
be
100%
bench
100%
Coney
100%
I
100%
in
100%
In
100%
is
100%
Island
100%
on
100%
I'm
96%
my
96%
you?
96%
you
96%
an
93%
baby
93%
Did
93%
did
93%
go
93%
go?
93%
sitting
93%
so
93%
the
93%
The
93%
where
93%
Who
93%
who
93%
Wondering
93%
and
89%
And
89%
no
89%
not
89%
for
86%
me
86%
Sorry
86%
when
86%
When
86%
your
86%
it
82%
It
82%
making
82%
Making
82%
Then
82%
we
82%
centerfold
79%
close
79%
do
79%
eyes
79%
If
79%
if
79%
over
79%
Over
79%
With
79%
with
79%
you're
79%
again
75%
around
75%
But
75%
down
75%
here
75%
into
75%
like
75%
Lost
75%
merry
75%
of
75%
surprises
75%
that
75%
to
75%
to?
75%
was
75%
were
75%
Were
75%
am
71%
birthday
71%
can't
71%
'Cause
71%
colder
71%
face
71%
get
71%
gets
71%
goes
71%
grey?
71%
happy
71%
internet
71%
lights
71%
ring
71%
say
71%
shatter
71%
sun
71%
there?
71%
this
71%
accident
68%
anymore
68%
arcade
68%
at
68%
before
68%
big
68%
bluest
68%
By
68%
cake
68%
darkest
68%
delicate?
68%
fist
68%
How'd
68%
leave
68%
long
68%
old
68%
one
68%
place
68%
relate
68%
related
68%
skies
68%
something
68%
soon?
68%
think
68%
too
68%
up
68%
Break
64%
bright
64%
Disappointments
64%
dreams
64%
edge?
64%
flashed
64%
forgot
64%
got
64%
hallway
64%
hanging
64%
head
64%
looking
64%
mall
64%
miss
64%
name
64%
paint
64%
polite
64%
pushed
64%
question
64%
right
64%
soul
64%
two
64%
waiting
64%
walked
64%
Will
64%
winning
64%
care?
61%
fast
61%
gold
61%
left
61%
lifetime
61%
line
61%
podium
61%
pounds
61%
standing
61%
tree
61%
universe
61%
What's
61%
away
57%
forgive
57%
paradise
57%
spot
57%
times
57%
trust
57%
gift
54%
haul
54%
our
54%
sight
54%
suburban
54%
achievement
50%
clock
50%
wise
50%
wrapped
50%
mischief
46%
coaxed
43%
rogue
43%
everyday
25%

Score Distribution

Percentile by Number Answered

Percent of People with Each Score

Your Score History

You have not taken this quiz